MDQL
is popping MORE tags! Check the
thread
!
Quizzes
Events
Quiz Creation
Community
Videos
Private Events
Remove Ads
Sign In
Join for FREE
Feedback
Dark Mode
Quiz Categories
Sports
Geography
Music
Movies
Television
Just For Fun
Miscellaneous
History
Literature
Language
Science
Gaming
Entertainment
Religion
Holiday
For Kids
Quiz Lab
Recent
Popular Today
Quiz Kudos Today
Editor Picks
Curator Picks
Quizzes by...
Day
Popularity
Type
Ratings
Length
Year
Community
Subscriptions
Recent Discussions
Orange Saloon
Badges
Playlists
Quests
Create
Leaderboards
Showdown
Live 5
Trivia Bingo
Activity
Puzzle Library
Sporcle Events
Private Events
Virtual Trivia
Globe League
Become a Host
Pub Owners
SporcleCon
Opinionation
Our Games
Videos
Blog
Mobile Apps
Partnerships
Remove Ads and Go Orange
Feedback
Sports
Athletes
MLB
NBA
NHL
NFL
Soccer
Sports Teams
WWE
NCAA
Football
Premier League
Basketball
Baseball
Hockey
Golf
Tennis
Cricket
Rugby
Auto Racing
Olympics
World Cup
Sports
Athletes
MLB
NBA
NHL
NFL
Soccer
Sports Teams
WWE
NCAA
Football
Premier League
Basketball
Baseball
Hockey
Golf
Tennis
Cricket
Rugby
Auto Racing
Olympics
World Cup
Random Quiz
Search Sporcle
×
Quiz Lab
Quiz Lab
Sports
NBA
Type in answers that appear in a list
Type in answers that appear in a list
Classic
Best Score? Go Orange.
NBA Teams MVP Stats
Can you name the NBA Teams MVP for the 16-17 season
By
hestabra
5m
30 Questions
219 Plays
219 Plays
219 Plays
Comments
Comments
Give Quiz Kudos
Give Quiz Kudos
-
- Ratings
hide this ad
Random Order
Randomize order of answers
Randomize order of answers
Replay
Link that replays current quiz
Next Quiz
Link to next quiz in quiz playlist
You Got
0%
They Got
Avg Score
85%
Avg Friend Score
Upgrade to see
Score Distribution
Jump to the score distribution portion of the page
Score
0/30
Timer
05:00
0
Plays Today
Team
Player
% Correct
Cavaliers
Lebron James
95%
Warriors
Kevin Durant
94.5%
Rockets
James Harden
94.5%
Thunder
Russell Westbrook
93.6%
Pacers
Paul George
92.2%
Wizards
John Wall
91.8%
Spurs
Kawhi Leonard
91.8%
Pelicans
Anthony Davis
90.9%
Trailblazers
Damien Lillard
90.4%
Hornets
Kemba Walker
89.5%
Clippers
Chris Paul
89%
Timberwolves
Karl Anthony Towns
89%
Raptors
Demar Derozan
88.1%
Suns
Devin Booker
88.1%
Celtics
Isaiah Thomas
87.2%
Team
Player
% Correct
Knicks
Carmelo Anthony
87.2%
Bulls
Jimmy Butler
86.8%
Pistons
Andre Drummond
86.8%
Grizzlies
Marc Gasol
86.3%
Nets
Brook Lopez
85.8%
Heat
Goran Dragic
83.1%
76ers
Joel Embiid
83.1%
Jazz
Gordan Hayward
83.1%
Nuggets
Nikola Jokic
82.2%
Bucks
Giannis Antetokounmpo
81.3%
Hawks
Paul Millsap
77.2%
Lakers
Julius Randle
71.2%
Magic
Nikola Vucevic
69.4%
Mavericks
Harrison Barnes
68.9%
Kings
Buddy Hield
66.7%
Quiz Playlist
Details
Report
Send in Message
Add To Playlist
Classic:
Type in answers that appear in a list
Random Order:
Randomize order of answers
Last Updated: Apr 20, 2017
Quiz Scoreboard
CHALLENGE
Sign Up to Join the Scoreboard
Show All
Scores
Hide
Comments
May contain spoilers
Recently Published
Holiday 10x10 Sorting Gallery
by lukepisani3
Holiday
15m
Two Season TV Shows II
by 123Four
Television
10m
Image Sorting: Flags VI
by Barbecue
Geography
2m
More to Explore
Quiz From the Vault
Featured Blog Post
14 Easter Pick-up Lines to Find Eggs With
hide this ad
You Might Also Like...
Tags
NBA Quiz
KOT4Q
Today's Top Quizzes in Sports
Browse Sports
hide this ad
Today's Top Quizzes in NBA
Browse NBA
Top Contributed Quizzes in Sports
1
Les meilleurs buteurs des matchs entre le PSG et l’OM
2
Les entraîneurs de l'OM et du PSG au 21e siècle
3
2022 World Cup Stars
4
Players with Multiple 50 Home Run Seasons
5
Les joueurs passés par le PSG et l'OM
6
FIFA Club World Cup Champions
7
Top 10 NHL Goal Scorers of All Time
8
Criteria MLB: Left Handed Sluggers
9
Les joueurs passés par le LOSC et le RC Lens
10
2023 MLB Unique Player Accomplishments
Explore More
Trending Topics
Crossword
Disney
NBA
Marvel
Anime
Harry Potter
Kpop
NFL
Country
WWE
Song
Pokémon
Puzzle
The Office
Soccer
hide this ad
More By:
hestabra
Quiz
Plays
Rating
Category
Featured
Created
NBA Clickable Quiz
803
2.33
Sports
Apr 11, 2017
Every NBA teams best player since 2000
355
2.67
Sports
Apr 12, 2017
NBA Teams MVP
219
4.00
Sports
Apr 12, 2017
NBA Sixth Man by Team
129
3.00
Sports
Apr 11, 2017
Rookie of the Month since 2011-12
47
4.00
Sports
Apr 11, 2017
Go to Creator's Profile
Score Distribution
Quiz Creator Spotlight
hestabra
Follow
Send a Message
Quizzes Created
-
Created Quiz Play Count
-
More By This Creator
Popular Quizzes Today
1
Find the US States - No Outlines Minefield
2
Colored Red Africa Blitz
3
Find the 'City' Movie
4
The Countries of the World
5
Find the US States
6
5x2 Blitz: Bands
7
Find the Countries of Europe - No Outlines Minefield
8
US States
More Sports Quizzes
Manchester United & Manchester City's Record Sales
Quiz Lab
Trending Quizzes
Colored Red Europe Blitz I
Colored Red Europe Blitz II
Colored Red Africa Blitz II
Colored Red Europe Blitz III
Colored Red Africa Blitz III
Recently Updated
Odd Team Out - Big 4 Players
pecheneg
Quick Pick: 20 Twenties
pecheneg
March Madness Men's Triple Doubles
pecheneg
How Do You Spell That?
pecheneg
Godzilla Movies
pecheneg
Grab Bag: 4-10 Letters
pecheneg
2024 March Madness Bracket
pecheneg
Famous TV Couples
Peacemaker
Champions League XIs: Real Madrid
pecheneg
Largest US Cities 1790-2010
pecheneg
Trending Topics
Anime
NBA
Kpop
Harry Potter
Crossword
Marvel
Disney
Pokémon
NFL
Song
The Office
Soccer
Puzzle
WWE
Country
Your Account Isn't Verified!
In order to create a playlist on Sporcle, you need to verify the email address you used during registration. Go to your
Sporcle Settings
to finish the process.
Report this User
Report this user for behavior that violates our
Community Guidelines
.
Details:
Send Report
Go to the Sporcle.com Mobile Site →
Comments